01077nam a22002297a 450000500170000000800410001702000180005804000070007608200140008310000300009724500420012725000060016926000250017530000250020036500890022552004340031465000100074865000130075865000390077170000180081070000190082820251013151123.0251013b |||||||| |||| 00| 0 eng d a9789332549593 cAL a511bKOLD aBernard Kolman and others aDiscrete mathematical structures Ed 6 a6 aNoidabPearsonc2025 a540p.bPBc25.5x20cm 2Computer Science and EngineeringaABDI/0818/25b645.00c₹d860.00e25%f03-10-2025 aDiscrete Mathematical Structures, Sixth Edition, offers a clear and concise presentation of the fundamental concepts of discrete mathematics. Ideal for a one-semester introductory course, this text contains more genuine computer science applications than any other text in the field. This book is written at an appropriate level for a wide variety of majors and non-majors, and assumes a college algebra course as a prerequisite. aLogic aCounting aLanguage and Finite State Machines aBusby, Robert aRoss, Sharon C